Statistiques concernant Compositeurs par image n°4

Cliquez ici pour prendre le quiz!

Statistiques générales

  • Ce quiz a été pris 48 fois
  • Le résultat moyen est 6 sur 15

Statistiques - réponses

Réponse% Correct
Georges Bizet
84%
Nicolo Paganini
65%
John Williams
56%
Pierre Boulez
53%
Bela Bartok
47%
Edward Elgar
42%
Alban Berg
40%
Antonio Salieri
37%
Bedrich Smetana
37%
Alexandre Borodine
35%
Erik Satie
33%
Hildegarde de Bingen
28%
Carl Maria von Weber
21%
François Couperin
21%
Manuel de Falla
21%

Distribution des résultats

Percentile par nombre de réponses

% des personnes avec chaque résultat

Votre développement - résultats

Vous n’avez pas pris ce quiz